000 01287cam a2200253 4500
001 ABS64259
008 010806n2001 000 0 eng u
035 _a(Sirsi) u113971
100 _aBlackler, T.
245 _aCut us some slack
260 _c2001
490 _aBuilding
_v266(8193) 13 July 2001, 54(1)
520 _aNotes that adjudication is increasingly required to deal with complicated matters that are difficult to resolve within 28 days. Suggests that it would make for a fairer process if adjudicators were given the right to extend the time limit. With reference to the recent case of "John Mowlem Construction plc v SoS for Defence" (2000).
590 _aABS
650 _aTIME LIMITS
650 _aMANAGEMENT-DISPUTE AVOIDANCE, MANAGEMENT AND RESOLUTION-DISPUTE MANAGEMENT AND RESOLUTION-ALTERNATIVE DISPUTE RESOLUTION-ADJUDICATION-ADJUDICATORS
650 _aMANAGEMENT-DISPUTE AVOIDANCE, MANAGEMENT AND RESOLUTION-DISPUTE MANAGEMENT AND RESOLUTION-ALTERNATIVE DISPUTE RESOLUTION-ADJUDICATION
650 _aJOHN MOWLEM CONSTRUCTION PLC V SOS DEFENCE
650 _aHOUSING GRANTS, CONSTRUCTION AND REGENERATION ACT 1996
650 _aBUILT ENVIRONMENT-BUILDING CONTRACT FORMS
650 _aCONTRACTORS
690 _aDispute resolution
_96236
942 _n0
999 _c67922
_d67922